| 000 | 00689cam a22001931 4500 | ||
|---|---|---|---|
| 082 |
_a940.27 _bBRU |
||
| 100 | 1 |
_aBrunker, H. M. E. _950613 |
|
| 245 | 1 | 0 |
_aStory of the campaigns in the peninsula _bfor promotion examinations _cby Lieut.-Colonel H. M. E. Brunker. |
| 250 | _aPart-III | ||
| 260 |
_aLondon, _bF. Groom & co., ltd., _c1907 |
||
| 300 |
_a99 p; _bfold. maps, fold. diagrs. _c19 cm. |
||
| 500 | _aVol. 1 from July, 1808, to end of 1810. | ||
| 500 | _aVol. 2. From 1811 to the end of 1813. | ||
| 526 |
_a0 _b0 _c0 _d940_270000000000000_BRU |
||
| 526 |
_a0 _b0 _c0 _d940_270000000000000_BRU |
||
| 650 | 0 |
_aMCE _9379 |
|
| 650 | 0 |
_aPeninsular War, 1807-1814. _949379 |
|
| 942 |
_2ddc _cBK |
||
| 999 |
_c553367 _d553367 |
||